• AIU
  • Tony Wilmot Memorial Library

Noo hau kifam takayay. (Record no. 39997)

MARC details
000 -LEADER
fixed length control field 00707nam a22002171a 4500
003 - CONTROL NUMBER IDENTIFIER
control field OSt
005 - DATE AND TIME OF LATEST TRANSACTION
control field 20110718133136.0
008 - FIXED-LENGTH DATA ELEMENTS--GENERAL INFORMATION
fixed length control field 091005s1996 001 0 eng d
020 ## - INTERNATIONAL STANDARD BOOK NUMBER
International Standard Book Number 9966406190 :
Terms of availability 0.00
040 ## - CATALOGING SOURCE
Original cataloging agency NEGST Library - Kenya
Language of cataloging DLC
Transcribing agency DLC
Modifying agency DLC
050 #4 - LIBRARY OF CONGRESS CALL NUMBER
Classification number REF BS 325.K33 1996
100 1# - MAIN ENTRY--PERSONAL NAME
Personal name Alliance biblique du Togo.
9 (RLIN) 8039
245 10 - TITLE STATEMENT
Title Noo hau kifam takayay.
260 ## - PUBLICATION, DISTRIBUTION, ETC. (IMPRINT)
Place of publication, distribution, etc Lome :
Name of publisher, distributor, etc Alliance biblique du Tog,
Date of publication, distribution, etc 1996.
300 ## - PHYSICAL DESCRIPTION
Extent v, 661 p. : ill.
500 ## - GENERAL NOTE
General note "Le Nouveau Testament en kabiye." - T.p. verso. [Africana]
600 10 - SUBJECT ADDED ENTRY--PERSONAL NAME
Personal name Bible. N.T. Kabiye. 1996.
9 (RLIN) 8040
600 10 - SUBJECT ADDED ENTRY--PERSONAL NAME
Personal name Kabiye language - Texts.
9 (RLIN) 8041
942 ## - ADDED ENTRY ELEMENTS (KOHA)
Source of classification or shelving scheme Library of Congress Classification
Koha item type Books
Holdings
Withdrawn status Lost status Source of classification or shelving scheme Damaged status Not for loan Collection code Home library Current library Shelving location Date acquired Source of acquisition Cost, normal purchase price Full call number Barcode Date last seen Price effective from Koha item type
    Library of Congress Classification     Reference AIU/NEGST - Tony Wilmot Memorial Library AIU/NEGST - Tony Wilmot Memorial Library Reference 10/05/2009 donation 4.00 REF BS 325.K33 1996 R36616J3232 09/26/2019 10/05/2009 Africana collection ( Reference)